01193njm a2200277Ia 450000100060000000300090000600500170001500800410003204000130007304000130008604100130009910000190011210000180013110000370014924500520018625000110023826000090024926000790025830000100033730000290034750001140037650502300049065000550072070000520077570000880082724316IT-RoPAU20220918181151.0131025s9999 xx 000 0 und d aIT-RoPAU cIT-RoPAU aITALIANO aSabbi Loredana eAutore musica gCodice autore musica SPICS: 8176 aPerché... Gioco musicale miniquasiscientifico a1a ed. aROMA bEP - MUSICALI E DISCOGRAFICHEc1979 [1a Ed.:1979 - Ed. Lingua Orig.: 1979] aDISCO c35 minuti (Testo: pag.) aMusica per l'infanzia. Disco per bambini. Canzoni per giocare. Potenziale di gioco all'interno della canzone. aPerché? - Pompa su, pompa giù - La pioggia buona, la pioggia cattiva - Perepeppeppè! - Abracadacqua - Che sia un'ape, un bambino, una rosa... - Dimmi, dove sta? - Le gambe della luna - Una quercia racconta - Ciuf, ciuf! aCANTI BAMBINI [DISCHI]eCodice MATERIA SPICS: 9950 aPagano MarioeAutoregCodice autore SPICS: 8177 aSterpellone LucianoeAutore testo e musicagCodice autore testo/musica SPICS: 27429